BFDI Trivia Quiz (easy) - Statistics

General Stats
  • This quiz has been taken 185 times
    95 since last reset
  • The average score is 9 of 10
Answer Stats
Hint Answer % Correct
Who was the winner of the first season? Firey
99%
What is the fourth season called? BFB
98%
How many seasons of BFDI are there? 5
93%
Name any host from the second season. TV/PBSB/FSB/Flower/Bugs/LOL/WTF
93%
Which team was Pencil on in BFDIA (Episodes 5-13) Freesmart
92%
What is Bubble's catchphrase? Yoylecake!
92%
Which character debuted in BFDI 18? David
89%
Who was first eliminated in BFDIA? Donut
89%
Which character has a nickname they hate being called? Needle/Puffball
89%
Which team was David on in BFB? Beep
87%
No matching quizzes found
Score Distribution
Percent of People with Each Score
Percentile by Number Answered
Your Score History
You have not taken this quiz since the last reset